Фауна СССР. Т. 3, вып. 5: Семейство Muridae - мыши (Запись № 7054716)
[ простой вид ]
| 000 -МАРКЕР | |
|---|---|
| контрольное поле | 01379nam2a22003251 4500 |
| 001 - ИДЕНТИФИКАТОР ЗАПИСИ | |
| контрольное поле | rc\2755012 |
| 005 - ИДЕНТИФИКАТОР ВЕРСИИ | |
| контрольное поле | 20250529150230.0 |
| 035 ## - ДРУГИЕ СИСТЕМНЫЕ НОМЕРА | |
| Идентификатор записи | (NLR Aleph) 006881775 |
| 100 ## - ДАННЫЕ ОБЩЕЙ ОБРАБОТКИ | |
| Данные общей обработки | 20110915d1940 |||y0rusy50 ca |
| 101 0# - ЯЗЫК РЕСУРСА | |
| Язык текста, звукозаписи и т.д. | русский |
| Язык резюме | немецкий |
| Язык главного источника информации | французский |
| 102 ## - СТРАНА ПУБЛИКАЦИИ ИЛИ ПРОИЗВОДСТВА | |
| Страна публикации | Российская Федерация |
| 105 ## - ПОЛЕ КОДИРОВАННЫХ ДАННЫХ: ТЕКСТОВЫЕ МАТЕРИАЛЫ, МОНОГРАФИЧЕСКИЕ | |
| Кодированные данные о монографическом текстовом документе | a z ||||| |
| 200 1# - ЗАГЛАВИЕ И СВЕДЕНИЯ ОБ ОТВЕТСТВЕННОСТИ | |
| Основное заглавие | Семейство Muridae - мыши |
| Первые сведения об ответственности | Аргиропуло А. И. |
| 210 ## - ПУБЛИКАЦИЯ, РАСПРОСТРАНЕНИЕ И ДР. | |
| Дата издания, распространения и т.д. | 1940 |
| Место издания, распространения и т.д. | Б. м. |
| 215 ## - ФИЗИЧЕСКАЯ ХАРАКТЕРИСТИКА | |
| Специфическое обозначение материала и объем | [8], 170 с. |
| Другие сведения о физической характеристике | ил. |
| Размеры | 26 |
| 225 0# - СЕРИЯ | |
| Основное заглавие серии | ... |
| Обозначение тома | № 21 |
| 300 ## - ОБЩИЕ ПРИМЕЧАНИЯ | |
| Текст примечания | Доб. тит. л. на фр. яз. |
| -- | Резюме на нем. яз. |
| 320 ## - ПРИМЕЧАНИЯ О НАЛИЧИИ В ДОКУМЕНТЕ БИБЛИОГРАФИИ / УКАЗАТЕЛЯ | |
| Текст примечания | Библиогр. в конце ст. |
| 461 #0 - УРОВЕНЬ НАБОРА | |
| Встроенное поле | 001rc\3061054 |
| -- | 2001#$aФауна СССР$iМлекопитающие$fгл. ред. акад. С.А. Зернов$vТ. 3, вып. 5 |
| Системный номер (АБИС) связанной записи | 7620626 |
| Место публикации | Москва |
| Дата публикации | 1937-1982 |
| Первые сведения об ответственности | гл. ред. акад. С.А. Зернов |
| Заглавие части | Млекопитающие |
| Имя издателя, распространителя и т.д. | Издательство Академии наук СССР |
| Заглавие | Фауна СССР |
| Номер тома | Т. 3, вып. 5 |
| 510 1# - ПАРАЛЛЕЛЬНОЕ ЗАГЛАВИЕ | |
| Параллельное заглавие | Muridae - мыши |
| Язык заглавия | латинский |
| -- | русский |
| 606 1# - НАИМЕНОВАНИЕ ТЕМЫ КАК ПРЕДМЕТ | |
| Наименование темы | Мышиные |
| Системный номер авторитетной/нормативной записи | 1190815 |
| Идентификатор авторитетной/нормативной записи | RU\NLR\AUTH\66162632 |
| 686 0# - ИНДЕКСЫ ДРУГИХ КЛАССИФИКАЦИЙ | |
| Индекс | Е693.363.6Mur |
| Код системы | |
| 700 #1 - ИМЯ ЛИЦА - ПЕРВИЧНАЯ ОТВЕТСТВЕННОСТЬ | |
| Начальный элемент ввода | Аргиропуло |
| Часть имени, кроме начального элемента ввода | А. И. |
| Даты | 1908-1942 |
| Расширение инициалов личного имени | Анатолий Иванович |
| 801 #0 - ИСТОЧНИК ЗАПИСИ | |
| Страна | Российская Федерация |
| Организация | NLR |
| Правила каталогизации | psbo |
| 801 #1 - ИСТОЧНИК ЗАПИСИ | |
| Страна | Российская Федерация |
| Организация | ELAR |
| Источник данных | rusmarc |
| 801 #2 - ИСТОЧНИК ЗАПИСИ | |
| Страна | Российская Федерация |
| Организация | NLR |
| Дата составления | 20141223 |
| Источник данных | rusmarc |
| 852 ## - МЕСТОНАХОЖДЕНИЕ И ШИФР ХРАНЕНИЯ | |
| Идентификатор организации | NLR |
| Шифр хранения (Call Number) | 37-19/120 (3-5) |
| 942 ## - ДОПОЛНИТЕЛЬНЫЕ ЭЛЕМЕНТЫ ЗАПИСИ (АБИС) | |
| Тип экземпляра АБИС | Книга |
| 980 ## - КОЛЛЕКЦИЯ | |
| Название коллекции | Национальная библиография |
| Тип экземпляра | Дата поступления | Библиотека постоянного хранения | Библиотека текущего хранения | Место хранения | Шифр хранения | Штрих-код | Статус экземпляра | Источник поступления |
|---|---|---|---|---|---|---|---|---|
| Книга | 26.06.2014 | РНБ (Московский) | РНБ (Московский) | Фонд общего зала литературы по биологии и медицине | М1 Е6/Ф-284 | 1-573158 | Обязательный экземпляр | |
| Книга | 26.10.2013 | РНБ (Садовая) | РНБ (Садовая) | Русский книжный фонд -Главное здание, Ленинский читальный зал | 37-19/120-3-5 | 6881775-10 |